Biggest Rap Hits of the 2010s Part 1 - Statistics

General Stats
  • This quiz has been taken 258 times
  • The average score is 21 of 30
Answer Stats
Song Artist % Correct
The Motto (2012) Drake
97%
Started From the Bottom (2013) Drake`
97%
Hotline Bling (2015) Drake
97%
Ni**as In Paris (2012) Jay-Z and Kanye West
96%
Empire State Of Mind (2010) Jay-Z
95%
Holy Grail (2013) Jay-Z
95%
Mercy (2012) Kanye West
90%
All Of The Lights (2010) Kanye West
89%
Thrift Shop (2013) Macklemore
88%
Can't Hold Us (2013) Macklemore
88%
Love The Way You Lie (2010) Eminem
87%
Anaconda (2014) Nicki Minaj
87%
Black And Yellow (2011) Wiz Khalifa
87%
See You Again (2015) Wiz Khalifa
87%
Airplanes (2010) B.O.B
83%
Trap Queen (2015) Fetty Wap
77%
679 (2015) Fetty Wap
77%
Young, Wild, and Free (2012) Snoop Dogg
65%
Fancy (2014) Iggy Azalea
60%
Hot N***a/ Hot Boy (2014) Bobby Shmurda
59%
How To Love (2011) Lil Wayne
55%
Love Me (2013) Lil Wayne
55%
Watch Me (Whip Nae Nae) (2015) Silento
54%
Wild Ones (2012) Flo Rida
45%
Loyal (2014) Chris Brown
36%
My N***a/ My Hitta (2014) YG
27%
The Show Goes On (2011) Lupe Fiasco
24%
No Hands (2011) Waka Flocka Flame
23%
BedRock (2010) Young Money
18%
Coming Home (2011) Diddy
15%
No matching quizzes found
Score Distribution
Percent of People with Each Score
Percentile by Number Answered
Your Score History
You have not taken this quiz